| 000 | 00863nam a22001337a 4500 | ||
|---|---|---|---|
| 040 | _cRUA | ||
| 082 | _aAVM SRE 2007 B078 Or.1 | ||
| 100 | _aSREY, CHANNAL. | ||
| 245 | _aEffect of paragrass processing by fermenting with urea and drying on growing goats at animal experimental station of RUA (ប្រសទ្ធិភាពនៃការកែច្នៃស្មៅបារាំងដោយការផ្អាប់អ៊ុយរ៉េនិងសំងួតលើការលូតលាស់របស់ពពែនៅស្ថានីយ៏ពិសោធន៏សត្វនៃសាកលវិទ្យាល័យភូមិន្ទកសិកម្ម) | ||
| 260 |
_aPhnom Penh _bRUA _c2007 |
||
| 300 |
_axi, 41p. _bill. _c29cm. |
||
| 856 | _uhttps://drive.google.com/file/d/1fsLVNUfEBZdpzs8lS6Eqt6eQbsFFKc_f/view?usp=sharing | ||
| 942 | _cAVM | ||
| 999 |
_c2112 _d2112 |
||